000 00590nam a2200205 i 4500
001 149605
003 ES-MaACL
005 20250830063105.0
007 t|
008 071023s1952 sp ||||1| spa d
100 1 _aVasconcelos, José,
_d1881-1959
_9113268
245 1 0 _aBreve historia de México /
_cJosé Vasconcelos.
260 _aMadrid :
_bCultura Hispánica,
_c1952.
300 _a557 p. ;
_c21 cm.
490 1 _aHombres e ideas
651 4 _aMéxico-
_xHistoria.
_99062
830 1 _aHombres e ideas
_9181511
852 _aES-MaACL
_jD-8201
999 _c149605
_d149605